Normal view
MARC view
Entry Personal Name
001 - CONTROL NUMBER
- control field: 75674
003 - CONTROL NUMBER IDENTIFIER
- control field: dpl
005 - DATE AND TIME OF LATEST TRANSACTION
- control field: 20250102111202.0
008 - FIXED-LENGTH DATA ELEMENTS
- fixed length control field: 250102|| aca||aabn | a|a d
040 ## - CATALOGING SOURCE
- Original cataloging agency: dpl
- Transcribing agency: dpl
100 ## - HEADING--PERSONAL NAME
- Personal name: दिवाकर, अशोक
670 ## - SOURCE DATA FOUND
- Source citation: Work cat.: (dpl)207962: दिवाकर, अशोक, JBD भारत का भूगोल एवं प्रयोगात्मक भूगोल/, 2025
